Science Quiz

Random Science or Nintendo Quiz

UCM Microbiology Vaccines Quiz Stats

 Plays Quiz not verified by Sporcle

Challenge
Share
Tweet
Embed
Score 0/22 Timer 05:00
0 Plays Today
Vaccine Who recieves it? % Correct
PolioChildren
97.9%
Rubella (German Measles)Children & Women without immunity
55.3%
RotavirusChildren
38.3%
TetanusChildren & Adult booster
27.7%
Varicella-Zoster (Chickenpox)Children & Adults without immunity
25.5%
MeaslesChildren & Adults born after 1956
23.4%
Pertussis (Whooping Cough)Children & Adolescent booster
23.4%
Hepatitis BNewborns, Children, & HCWs
21.3%
Hepatitis AChildren, Adolescents, & People Traveling
21.3%
RabiesPeople exposed to virus & High risk individuals
19.1%
InfluenzaChildren, Adults 50+ & HCWs
19.1%
Vaccine Who recieves it? % Correct
DiphtheriaChildren, Adolescent & Adult Booster
19.1%
MumpsChildren & Adults born after 1956
19.1%
H. Influenzae (Meningitis)Children
17%
Pneumococcal InfectionChildren & Adults 65+ & People with Chronic infections
12.8%
Yellow FeverPeople traveling
10.6%
Typhoid FeverPeople traveling
8.5%
AnthraxMilitary & High Risk
8.5%
Meningococcal DiseaseAdolescents, college students & HCWs
6.4%
ShinglesAdults 60+
4.3%
Human PapillomavirusWomen 11-26
2.1%
TuberculosisSpecial circumstances in US
0%

You're not logged in!

Compare scores with friends on all Sporcle quizzes.
Join for Free
OR
Log In

You Might Also Like...

Show Comments

Extras

Top Quizzes Today


Score Distribution

Your Account Isn't Verified!

In order to create a playlist on Sporcle, you need to verify the email address you used during registration. Go to your Sporcle Settings to finish the process.

Report this User

Report this user for behavior that violates our Community Guidelines.

Details: